[Event "Pszczyna op"]
[Site "Pszczyna"]
[Date "2009.07.19"]
[Round "9"]
[White "Piesik, Piotr"]
[Black "Sukhimski, Vladimir"]
[Result "1-0"]
[WhiteElo "2209"]
[BlackElo "2125"]
[PlyCount "73"]
[EventDate "2009.07.14"]
[EventType "swiss"]
[EventRounds "9"]
[EventCountry "POL"]
[SourceTitle "CBM 131 Extra"]
[Source "ChessBase"]
[SourceDate "2009.09.03"]
[SourceVersion "2"]
[SourceVersionDate "2009.09.16"]
[SourceQuality "1"]

1. Nf3 c5 2. c3 d5 3. g3 Nc6 4. d4 cxd4 5. cxd4 Nf6 6. Bg2 Bf5 7. 0-0 Qb6 8. Nc3 g6 9. Bg5 Rd8 10. Bxf6 exf6 11. Qd2 h5 12. e3 Be6 13. Rac1 Be7 14. Na4 Qa5 15. Nc5 Qxd2 16. Nxd2 Bc8 17. Ndb3 h4 18. Rfd1 hxg3 19. hxg3 f5 20. Bf1 Bd6 21. Bb5 Ke7 22. Nxb7 Bxb7 23. Bxc6 Ba6 24. Bxd5 Bxg3 25. fxg3 Rxd5 26. Rc7+ Kf8 27. Rxa7 Bc8 28. Rf1 Kg7 29. Nc5 g5 30. Nd3 Rd6 31. Ne5 Be6 32. Rxf5 Rb6 33. Rf2 Bd5 34. e4 Be6 35. d5 Rb5 36. Nxf7 Bxf7 37. Raxf7+ 1-0

[Event "Pszczyna op"]
[Site "Pszczyna"]
[Date "2009.07.18"]
[Round "8"]
[White "Sukhimski, Vladimir"]
[Black "Seifert, Henryk"]
[Result "1/2-1/2"]
[WhiteElo "2125"]
[BlackElo "2235"]
[PlyCount "132"]
[EventDate "2009.07.14"]
[EventType "swiss"]
[EventRounds "9"]
[EventCountry "POL"]
[SourceTitle "CBM 131 Extra"]
[Source "ChessBase"]
[SourceDate "2009.09.03"]
[SourceVersion "2"]
[SourceVersionDate "2009.09.16"]
[SourceQuality "1"]

1. c4 c6 2. Nf3 d5 3. e3 Nf6 4. b4 Bg4 5. Bb2 e6 6. Qb3 Nbd7 7. Be2 Be7 8. h3 Bxf3 9. gxf3 a5 10. cxd5 exd5 11. a3 axb4 12. axb4 Rxa1 13. Bxa1 0-0 14. Na3 Qb6 15. Nc2 Ra8 16. 0-0 c5 17. Bc3 Qe6 18. bxc5 Nxc5 19. Qb1 Qxh3 20. Be5 Qh5 21. Bg3 Nfe4 22. fxe4 Qxe2 23. exd5 Qg4 24. Qd1 Qg6 25. Ne1 Ne4 26. Kh2 Rd8 27. Ng2 Rxd5 28. Nf4 Qh6+ 29. Kg2 Rxd2 30. Qg4 Nxg3 31. Kxg3 Qg5 32. f3 g6 33. e4 Qxg4+ 34. fxg4 Bd6 35. Kf3 Bxf4 36. Kxf4 h6 37. Rb1 Rd7 38. g5 hxg5+ 39. Kxg5 Kg7 40. Rb4 Re7 41. Kf4 Kf8 42. Rb5 f6 43. Rb4 Kf7 44. Kf3 Ke6 45. Kf4 g5+ 46. Ke3 Rc7 47. Rb6+ Kf7 48. Kf3 Re7 49. Rb4 Kg6 50. Rb1 Rc7 51. Rb3 Rh7 52. Rb6 Rf7 53. Kg4 Re7 54. Kf3 Rc7 55. Rb3 Rd7 56. Ke3 Rh7 57. Rb6 Rh3+ 58. Kf2 g4 59. Rxb7 Rf3+ 60. Kg2 Kg5 61. Rg7+ Kf4 62. Rg6 Ke5 63. Rxg4 Rf4 64. Rg8 Rxe4 65. Kf3 Rd4 66. Re8+ Kf5 1/2-1/2

[Event "Pszczyna op"]
[Site "Pszczyna"]
[Date "2009.07.17"]
[Round "6"]
[White "Sukhimski, Vladimir"]
[Black "Walach, Marcin"]
[Result "0-1"]
[WhiteElo "2125"]
[BlackElo "2384"]
[PlyCount "56"]
[EventDate "2009.07.14"]
[EventType "swiss"]
[EventRounds "9"]
[EventCountry "POL"]
[SourceTitle "CBM 131 Extra"]
[Source "ChessBase"]
[SourceDate "2009.09.03"]
[SourceVersion "2"]
[SourceVersionDate "2009.09.16"]
[SourceQuality "1"]

1. c4 e5 2. g3 Nf6 3. Bg2 c6 4. d3 d5 5. Nf3 dxc4 6. 0-0 e4 7. dxe4 Qxd1 8. Rxd1 Nxe4 9. Ne5 Nd6 10. Bf4 Be6 11. Na3 f6 12. Nxc6 Nxc6 13. Bxc6+ bxc6 14. Bxd6 Bxd6 15. Rxd6 Bd5 16. Nb5 Ke7 17. e4 Bxe4 18. Rad1 cxb5 19. Rd7+ Ke6 20. R1d6+ Kf5 21. f4 h5 22. h3 Kg6 23. Rd4 Bf5 24. R7d5 a6 25. h4 Rhe8 26. Kf1 Re3 27. Kf2 Rae8 28. Rd2 Rd3 0-1

[Event "Pszczyna op"]
[Site "Pszczyna"]
[Date "2009.07.14"]
[Round "1"]
[White "Solek, Zenon"]
[Black "Sukhimski, Vladimir"]
[Result "0-1"]
[WhiteElo "1845"]
[BlackElo "2125"]
[PlyCount "20"]
[EventDate "2009.07.14"]
[EventType "swiss"]
[EventRounds "9"]
[EventCountry "POL"]
[SourceTitle "CBM 131 Extra"]
[Source "ChessBase"]
[SourceDate "2009.09.03"]
[SourceVersion "2"]
[SourceVersionDate "2009.09.16"]
[SourceQuality "1"]

1. e4 c5 2. Nf3 Nc6 3. d4 cxd4 4. Nxd4 e5 5. Ne2 Nf6 6. Bg5 Qa5+ 7. Bd2 Qb6 8. Ng3 Qxb2 9. Bc3 Bb4 10. Bxb4 Nxb4 0-1

[Event "Pszczyna op"]
[Site "Pszczyna"]
[Date "2009.07.14"]
[Round "2"]
[White "Sukhimski, Vladimir"]
[Black "Mikrut, Dariusz"]
[Result "0-1"]
[WhiteElo "2125"]
[BlackElo "2400"]
[PlyCount "56"]
[EventDate "2009.07.14"]
[EventType "swiss"]
[EventRounds "9"]
[EventCountry "POL"]
[SourceTitle "CBM 131 Extra"]
[Source "ChessBase"]
[SourceDate "2009.09.03"]
[SourceVersion "2"]
[SourceVersionDate "2009.09.16"]
[SourceQuality "1"]

1. e4 c5 2. Nf3 d6 3. d4 cxd4 4. Nxd4 Nf6 5. Nc3 g6 6. Be3 Bg7 7. Be2 Nc6 8. 0-0 0-0 9. f4 Qb6 10. Na4 Qa5 11. Nxc6 bxc6 12. Nc3 Rb8 13. Rb1 Be6 14. Qd3 Rfd8 15. f5 Bc8 16. b4 Rxb4 17. Rxb4 Qxb4 18. e5 Nd7 19. fxg6 fxg6 20. exd6 exd6 21. Ne4 d5 22. Ng5 Re8 23. Bxa7 Qe7 24. Nf7 Ne5 25. Nh6+ Bxh6 26. Qd4 Bg7 27. Qc5 Qxc5+ 28. Bxc5 Nd7 0-1

[Event "Lasker Memorial op"]
[Site "Barlinek"]
[Date "2009.??.??"]
[Round "6"]
[White "Sukhimski, Vladimir"]
[Black "Demidowicz, Maria"]
[Result "0-1"]
[WhiteElo "2148"]
[BlackElo "2139"]
[PlyCount "78"]
[EventDate "2009.05.16"]
[EventType "swiss"]
[EventRounds "9"]
[EventCountry "POL"]
[SourceTitle "CBM 130 Extra"]
[Source "ChessBase"]
[SourceDate "2009.07.02"]
[SourceVersion "2"]
[SourceVersionDate "2009.07.15"]
[SourceQuality "1"]

1. Nf3 Nf6 2. g3 g6 3. Bg2 Bg7 4. 0-0 0-0 5. d3 d6 6. c4 e5 7. Nc3 c6 8. Rb1 a5 9. a3 Re8 10. b4 axb4 11. axb4 d5 12. Qb3 dxc4 13. dxc4 Bf5 14. Rb2 Nbd7 15. Ng5 h6 16. Nge4 Qe7 17. Rd1 Nxe4 18. Nxe4 Be6 19. Nd6 Reb8 20. Be3 f5 21. Rbd2 e4 22. h4 b5 23. Nxe4 fxe4 24. Bxe4 bxc4 25. Qc2 Ne5 26. Bc5 Qf7 27. f4 c3 28. fxe5 cxd2 29. Bxg6 Qc7 30. Bd6 Qa7+ 31. Bc5 Qa2 32. Bh7+ Kh8 33. Qg6 Rd8 34. Be3 Qb3 35. Bxh6 Qxd1+ 36. Kf2 Rf8+ 37. Bf4 Qe1+ 38. Ke3 Ra3+ 39. Kd4 d1Q+ 0-1

[Event "Lasker Memorial op"]
[Site "Barlinek"]
[Date "2009.??.??"]
[Round "2"]
[White "Sukhimski, Vladimir"]
[Black "Galyga, Jozef"]
[Result "1/2-1/2"]
[WhiteElo "2148"]
[BlackElo "1944"]
[PlyCount "102"]
[EventDate "2009.05.16"]
[EventType "swiss"]
[EventRounds "9"]
[EventCountry "POL"]
[SourceTitle "CBM 130 Extra"]
[Source "ChessBase"]
[SourceDate "2009.07.02"]
[SourceVersion "2"]
[SourceVersionDate "2009.07.15"]
[SourceQuality "1"]

1. f4 f5 2. Nf3 Nf6 3. b3 e6 4. Bb2 Be7 5. e3 b6 6. Be2 Bb7 7. 0-0 0-0 8. a4 c5 9. Na3 d5 10. Ne5 Nc6 11. Bf3 Rc8 12. Qe2 Nd7 13. Nxc6 Bxc6 14. Nb5 Ra8 15. c4 a6 16. Nc3 Nf6 17. Rad1 Qd7 18. h3 d4 19. exd4 cxd4 20. Nb1 Ne4 21. Qe1 Rad8 22. d3 Nc5 23. Bxc6 Qxc6 24. Ba3 Rfe8 25. Bxc5 bxc5 26. Nd2 Bd6 27. Qh4 Qc7 28. Rde1 Qa5 29. Nf3 Be7 30. Qf2 Bf6 31. g4 g6 32. gxf5 exf5 33. Rxe8+ Rxe8 34. Re1 Rxe1+ 35. Qxe1 Qxe1+ 36. Nxe1 Bh4 37. Ng2 Bd8 38. Kf2 Kf7 39. Ke2 Bc7 40. Kf3 Ke6 41. Ne1 h6 42. b4 cxb4 43. Nc2 Bb6 44. Nxb4 a5 45. Nd5 Bd8 46. Kg3 Kd6 47. Kf3 Kc6 48. Ke2 Bh4 49. Kf3 Bd8 50. Ke2 Kc5 51. Kd2 Kd6 1/2-1/2

[Event "Lasker Memorial op"]
[Site "Barlinek"]
[Date "2009.??.??"]
[Round "9"]
[White "Sukhimski, Vladimir"]
[Black "Rooze, Jan"]
[Result "0-1"]
[WhiteElo "2148"]
[BlackElo "2232"]
[PlyCount "94"]
[EventDate "2009.05.16"]
[EventType "swiss"]
[EventRounds "9"]
[EventCountry "POL"]
[SourceTitle "CBM 130 Extra"]
[Source "ChessBase"]
[SourceDate "2009.07.02"]
[SourceVersion "2"]
[SourceVersionDate "2009.07.15"]
[SourceQuality "1"]

1. e4 c5 2. Nf3 e6 3. d3 d5 4. Nbd2 Nc6 5. g3 Nf6 6. Bg2 Be7 7. 0-0 0-0 8. Re1 b5 9. e5 Nd7 10. h4 Qc7 11. Qe2 c4 12. d4 b4 13. Nf1 a5 14. h5 a4 15. h6 g6 16. a3 bxa3 17. bxa3 c3 18. Qd3 Na5 19. Re3 Ba6 20. Qxc3 Rfc8 21. Qxc7 Rxc7 22. Ne1 Rac8 23. f4 Nb6 24. Rb1 Nbc4 25. Rc3 Bf8 26. Nh2 Bxh6 27. Bf1 Bf8 28. Nd3 Nc6 29. Nf3 Na7 30. Nb4 Bb5 31. g4 Nxe5 32. Rxc7 Nxf3+ 33. Kf2 Rxc7 34. Bxb5 Nxb5 35. Na6 Rxc2+ 36. Kxf3 Nxd4+ 37. Ke3 Rc3+ 38. Kf2 Nb3 39. Bb2 Rc4 40. Nb8 Rxf4+ 41. Ke3 Re4+ 42. Kd3 Nc5+ 43. Kd2 Rxg4 44. Nc6 f6 45. Bd4 Nb3+ 46. Rxb3 axb3 47. Bxf6 Bxa3 0-1

[Event "Lasker Memorial op"]
[Site "Barlinek"]
[Date "2009.??.??"]
[Round "1"]
[White "Voloshin, Leonid"]
[Black "Sukhimski, Vladimir"]
[Result "1-0"]
[WhiteElo "2445"]
[BlackElo "2148"]
[PlyCount "165"]
[EventDate "2009.05.16"]
[EventType "swiss"]
[EventRounds "9"]
[EventCountry "POL"]
[SourceTitle "CBM 130 Extra"]
[Source "ChessBase"]
[SourceDate "2009.07.02"]
[SourceVersion "2"]
[SourceVersionDate "2009.07.15"]
[SourceQuality "1"]

1. d4 c5 2. d5 Nf6 3. c4 b5 4. cxb5 a6 5. bxa6 Bxa6 6. Nc3 d6 7. e4 Bxf1 8. Kxf1 Nbd7 9. Nf3 g6 10. g3 Bg7 11. Kg2 Qb6 12. Re1 Ng4 13. Re2 0-0 14. Bg5 f6 15. Bf4 Nge5 16. Nxe5 fxe5 17. Be3 Qb4 18. Rc1 Nb6 19. Rcc2 Na4 20. Bg5 Bf6 21. Nxa4 Bxg5 22. b3 h5 23. Rc4 Qa5 24. Rec2 Rab8 25. R2c3 Rb4 26. h4 Bh6 27. Rxb4 Qxb4 28. Rc4 Qa5 29. Qe2 Rf6 30. Nc3 Kg7 31. Qd3 Qa3 32. Qc2 Qa5 33. Ra4 Qb6 34. Qe2 Rf8 35. Qb5 Qc7 36. Qc6 Rc8 37. Qxc7 Rxc7 38. Nb5 Rb7 39. Na3 g5 40. hxg5 Bxg5 41. Nc4 h4 42. Ra8 hxg3 43. fxg3 Bf6 44. Kf3 Kf7 45. Kg2 Rd7 46. Ra6 Rd8 47. Ra7 Kg6 48. Rb7 Ra8 49. a4 Bg5 50. Rb6 Kh5 51. a5 Kg4 52. a6 Bc1 53. Rc6 Bg5 54. Kf2 Rf8+ 55. Ke1 Ra8 56. Ke2 Kxg3 57. Na3 Kf4 58. Kd3 Kf3 59. Nb5 Be3 60. a7 c4+ 61. Rxc4 Bxa7 62. Rc7 Bc5 63. Rxe7 Ra1 64. Rf7+ Kg4 65. Rf6 Kg5 66. Re6 Rd1+ 67. Kc2 Re1 68. Nxd6 Bxd6 69. Rxd6 Rxe4 70. Kc3 Kf5 71. b4 Re1 72. b5 Rb1 73. b6 e4 74. Re6 Rc1+ 75. Kd4 Rd1+ 76. Kc5 Rc1+ 77. Kd6 Rb1 78. Kc7 Rd1 79. b7 Rxd5 80. Rb6 e3 81. b8Q e2 82. Qf8+ Ke4 83. Re6+ 1-0

[Event "UKR-ch sf"]
[Site "Alushta"]
[Date "2008.05.18"]
[Round "8"]
[White "Sukhimski, Vladimir"]
[Black "Velitshko, Ihor"]
[Result "0-1"]
[WhiteElo "2219"]
[BlackElo "2286"]
[PlyCount "110"]
[EventDate "2008.05.10"]
[EventType "swiss"]
[EventRounds "9"]
[EventCountry "UKR"]
[SourceTitle "CBM 124 Extra"]
[Source "ChessBase"]
[SourceDate "2008.07.03"]
[SourceVersion "1"]
[SourceVersionDate "2008.07.03"]
[SourceQuality "1"]

1. Nf3 Nf6 2. c4 c6 3. b3 g6 4. Bb2 Bg7 5. e4 0-0 6. d3 d5 7. e5 Nh5 8. g3 f6 9. Nbd2 Nd7 10. cxd5 cxd5 11. d4 Qb6 12. exf6 exf6 13. Be2 Re8 14. 0-0 Bh6 15. Ne1 Ng7 16. Nd3 Nf8 17. Bf3 Qd6 18. a4 Bf5 19. Ba3 Qd8 20. Nb4 Be4 21. Nxe4 dxe4 22. Be2 Nf5 23. Bb5 Nd7 24. Nd5 Kg7 25. Re1 Rb8 26. Bc1 a6 27. Bxh6+ Nxh6 28. Bf1 Nb6 29. Nxb6 Qxb6 30. a5 Qd6 31. Ra4 f5 32. Rc4 Ng4 33. Qc1 Re7 34. Qc3 h5 35. Rb4 Rd8 36. d5+ Kh7 37. Bc4 Qc5 38. Re2 Rxd5 39. h3 Ne5 40. Re3 Nxc4 41. Rxc4 Qxa5 42. Qf6 Rg7 43. Kg2 Rd2 44. Qg5 Qa2 45. Qf4 Rd1 46. g4 Qa1 47. Qh2 Rf7 48. gxh5 gxh5 49. Rg3 f4 50. Rg5 f3+ 51. Kg3 Rg1+ 52. Kh4 Rxg5 53. Kxg5 Qf6+ 54. Kxh5 Rg7 55. Qf4 Qxf4 0-1

[Event "UKR-ch sf"]
[Site "Alushta"]
[Date "2008.05.15"]
[Round "5"]
[White "Shulga, Jury"]
[Black "Sukhimski, Vladimir"]
[Result "1-0"]
[WhiteElo "2327"]
[BlackElo "2219"]
[PlyCount "133"]
[EventDate "2008.05.10"]
[EventType "swiss"]
[EventRounds "9"]
[EventCountry "UKR"]
[SourceTitle "CBM 124 Extra"]
[Source "ChessBase"]
[SourceDate "2008.07.03"]
[SourceVersion "1"]
[SourceVersionDate "2008.07.03"]
[SourceQuality "1"]

1. e4 c5 2. Nf3 Nc6 3. d4 cxd4 4. Nxd4 Nf6 5. Nc3 d6 6. Bg5 Bd7 7. Qd2 Rc8 8. 0-0-0 Nxd4 9. Qxd4 Qa5 10. Bxf6 gxf6 11. Kb1 Qc5 12. Qxc5 Rxc5 13. Bd3 h5 14. Nd5 Bg7 15. Rhf1 e6 16. Ne3 Ke7 17. f4 Bh6 18. Rde1 a5 19. Re2 Rhc8 20. g3 b5 21. c3 Rb8 22. Nc2 b4 23. cxb4 axb4 24. Nd4 d5 25. Nb3 Rcb5 26. Rfe1 dxe4 27. Bxb5 Bxb5 28. Rxe4 Bd3+ 29. Kc1 Bxe4 30. Rxe4 f5 31. Re2 h4 32. Nd4 Kf6 33. Kc2 Rg8 34. Re3 Bf8 35. Ne2 Bc5 36. Rd3 Ke7 37. Kb3 f6 38. Kc4 Rc8 39. gxh4 Bd6+ 40. Kb3 Rh8 41. Rh3 e5 42. h5 Ke6 43. Nc1 exf4 44. Nd3 Kd5 45. h6 Rh7 46. Kc2 f3 47. Rxf3 Ke4 48. Rh3 f4 49. Nf2+ Kf5 50. Kd2 Be5 51. a3 Bxb2 52. axb4 Bd4 53. Ke2 Kg5 54. Kf3 f5 55. Nd3 Re7 56. h7 Re3+ 57. Kg2 Re2+ 58. Kf1 Re8 59. Nc5 Kg4 60. Rd3 Be3 61. Ne6 Rh8 62. Rd7 f3 63. Rg7+ Kh4 64. Nf8 Kh3 65. Rg8 Bd4 66. Rxh8 Bxh8 67. b5 1-0

[Event "Gora Sw Anny op 1st"]
[Site "Gora Sw Anny"]
[Date "2008.02.19"]
[Round "3"]
[White "Malaniuk, Vladimir P"]
[Black "Sukhimski, Vladimir"]
[Result "0-1"]
[WhiteElo "2498"]
[BlackElo "2193"]
[PlyCount "64"]
[EventDate "2008.02.18"]
[EventType "swiss"]
[EventRounds "9"]
[EventCountry "POL"]
[SourceTitle "CBM 122 Extra"]
[Source "ChessBase"]
[SourceDate "2008.03.04"]
[SourceVersion "1"]
[SourceVersionDate "2008.03.04"]
[SourceQuality "1"]

1. d4 c5 2. d5 d6 3. e4 Nf6 4. Nc3 g6 5. Nf3 Bg7 6. Be2 0-0 7. 0-0 Na6 8. Bf4 Nc7 9. a4 b6 10. Re1 Bb7 11. Bc4 Nh5 12. Bg5 h6 13. Be3 Qd7 14. Qd3 a6 15. Rab1 e6 16. b4 exd5 17. exd5 Ne8 18. bxc5 bxc5 19. Rb6 Nef6 20. Reb1 Ra7 21. Bd2 Rfa8 22. Ne2 Bc8 23. h3 Qxa4 24. g4 Nxg4 25. hxg4 Bxg4 26. Ne1 Re7 27. f3 Bf5 28. Qb3 Qe8 29. Rb8 Rxb8 30. Qxb8 Bc8 31. Nc3 Bd4+ 32. Kh1 Qd7 0-1

[Event "Obra Lato op"]
[Site "Obra"]
[Date "2007.09.01"]
[Round "7.2"]
[White "Sukhimski, Vladimir"]
[Black "Kocwin, Bartosz"]
[Result "1-0"]
[WhiteElo "2200"]
[BlackElo "2204"]
[PlyCount "72"]
[EventDate "2007.08.29"]
[EventType "swiss"]
[EventRounds "9"]
[EventCountry "POL"]
[SourceTitle "EXT 2023"]
[Source "ChessBase"]
[SourceDate "2022.10.05"]
[SourceVersion "1"]
[SourceVersionDate "2022.10.05"]
[SourceQuality "1"]

1. e4 c5 2. d4 cxd4 3. c3 d3 4. Bxd3 Nc6 5. Nf3 d6 6. h3 g6 7. Be3 Bg7 8. 0-0 Nf6 9. Qd2 0-0 10. Na3 d5 11. e5 Nd7 12. Bf4 Ndxe5 13. Nxe5 Nxe5 14. Rfe1 Nc6 15. Bb5 a6 16. Bxc6 bxc6 17. Nc2 Re8 18. Nd4 Bd7 19. Nb3 e5 20. Be3 a5 21. Nc5 Bf5 22. Red1 Qc7 23. b3 Bf8 24. Na4 Rab8 25. f3 Be6 26. Qf2 Rb5 27. Nc5 Bc8 28. Rac1 Rb8 29. Na4 Ra8 30. Re1 Bf5 31. Bb6 Qb7 32. g4 Bd7 33. Re2 Bg7 34. Be3 f5 35. Rce1 e4 36. Bd4 fxg4 1-0

[Event "Obra Lato op"]
[Site "Obra"]
[Date "2007.08.29"]
[Round "2.3"]
[White "Hrynkiewicz, Bartosz"]
[Black "Sukhimski, Vladimir"]
[Result "0-1"]
[WhiteElo "1957"]
[BlackElo "2200"]
[PlyCount "94"]
[EventDate "2007.08.29"]
[EventType "swiss"]
[EventRounds "9"]
[EventCountry "POL"]
[SourceTitle "EXT 2023"]
[Source "ChessBase"]
[SourceDate "2022.10.05"]
[SourceVersion "1"]
[SourceVersionDate "2022.10.05"]
[SourceQuality "1"]

1. d4 Nf6 2. Nf3 c5 3. e3 d6 4. c4 g6 5. Nc3 Nbd7 6. dxc5 Nxc5 7. b4 Ncd7 8. Bb2 Bg7 9. Nd5 0-0 10. Nxf6+ Nxf6 11. Be2 a5 12. a3 axb4 13. axb4 Rxa1 14. Qxa1 Qb6 15. Qa3 Bg4 16. 0-0 Ne4 17. Bxg7 Kxg7 18. h3 Bd7 19. Ra1 Rc8 20. Qb2+ Nf6 21. b5 Be6 22. Ra4 Kg8 23. Qd4 Nd7 24. Ra7 Nc5 25. Qa1 f6 26. Ra8 Qd8 27. Ra7 h5 28. Nd4 Bf7 29. Bf3 e5 30. Nc2 Qc7 31. Nb4 Nb3 32. Qa3 Qxc4 33. Rxb7 e4 34. Nc6 Nd2 35. Qa1 exf3 36. Ne7+ Kg7 37. Nxc8 Qxc8 38. Ra7 fxg2 39. Kxg2 Qc4 40. Qd1 Qe4+ 41. Kg1 Qd5 42. Qe2 Nf3+ 43. Kf1 Ne5 44. Kg1 Kh6 45. e4 Qe6 46. b6 g5 47. b7 Qb3 0-1

[Event "UKR tt"]
[Site "Alushta"]
[Date "2003.??.??"]
[Round "1"]
[White "Dmitrenko, Viktor"]
[Black "Sukhimski, Vladimir"]
[Result "1-0"]
[WhiteElo "2424"]
[BlackElo "2200"]
[PlyCount "85"]
[EventDate "2003.??.??"]
[EventType "team"]
[EventRounds "7"]
[EventCountry "UKR"]
[SourceTitle "EXT 2005"]
[Source "ChessBase"]
[SourceDate "2004.11.15"]
[SourceVersion "1"]
[SourceVersionDate "2004.11.15"]
[SourceQuality "1"]

1. d4 Nf6 2. c4 c5 3. d5 b5 4. cxb5 a6 5. b6 d6 6. Nc3 Nbd7 7. e4 g6 8. f4 Qxb6 9. Nf3 Bg7 10. Be2 c4 11. Nd2 Nc5 12. Nxc4 Qc7 13. e5 Nfe4 14. Nxe4 Nxe4 15. Qd4 Nc5 16. exd6 Bxd4 17. dxc7 Ra7 18. Be3 Bxe3 19. Nxe3 Rxc7 20. 0-0 Ne4 21. Rfc1 Rxc1+ 22. Rxc1 0-0 23. Rc7 e6 24. Bd3 Nf6 25. d6 Rd8 26. Kf2 Kg7 27. Ke2 Bd7 28. Bxa6 Rb8 29. Rb7 Ra8 30. Bc4 Ra5 31. g4 h6 32. b4 Bc8 33. d7 Nxd7 34. Rxd7 Ra4 35. Rc7 Ba6 36. Bxa6 Rxa2+ 37. Kd3 Rxa6 38. b5 Rd6+ 39. Kc3 g5 40. fxg5 hxg5 41. Nc4 Rd5 42. b6 Rb5 43. b7 1-0

[Event "UKR tt"]
[Site "Alushta"]
[Date "2003.??.??"]
[Round "4"]
[White "Pavlov, Maxim"]
[Black "Sukhimski, Vladimir"]
[Result "1/2-1/2"]
[WhiteElo "2402"]
[BlackElo "2200"]
[PlyCount "128"]
[EventDate "2003.??.??"]
[EventType "team"]
[EventRounds "7"]
[EventCountry "UKR"]
[SourceTitle "EXT 2005"]
[Source "ChessBase"]
[SourceDate "2004.11.15"]
[SourceVersion "1"]
[SourceVersionDate "2004.11.15"]
[SourceQuality "1"]

1. e4 c5 2. Nf3 Nc6 3. d4 cxd4 4. Nxd4 Nf6 5. Nc3 d6 6. Bg5 Bd7 7. Qd2 Rc8 8. 0-0-0 Nxd4 9. Qxd4 Qa5 10. Bd2 e5 11. Qd3 a6 12. Kb1 Qc7 13. f3 Be6 14. Bg5 Nd7 15. h4 b5 16. g3 Nb6 17. Bh3 Bxh3 18. Rxh3 b4 19. Ne2 Nc4 20. Rhh1 a5 21. Bc1 Be7 22. g4 0-0 23. f4 Rfd8 24. f5 Rb8 25. b3 Nb6 26. Be3 d5 27. Bxb6 Rxb6 28. exd5 Rbd6 29. c4 bxc3 30. Nxc3 Qb7 31. g5 a4 32. f6 Bf8 33. Rhf1 axb3 34. a3 Ra6 35. Qb5 Rb6 36. Qd3 Ra6 37. fxg7 Bxg7 38. Ne4 Rxa3 39. Nf6+ Bxf6 40. gxf6 Kh8 41. Rg1 Rc8 42. Rc1 Ra1+ 43. Kb2 Ra2+ 44. Kb1 Rca8 45. Qg3 Ra1+ 46. Kb2 R8a2+ 47. Kc3 Qc7+ 48. Kd3 e4+ 49. Kxe4 Re2+ 50. Kf3 Qxg3+ 51. Kxg3 Rxc1 52. Rxc1 Rc2 53. Rb1 Rd2 54. Rxb3 h5 55. Rb5 Rd4 56. Kf3 Kh7 57. Ke3 Rd1 58. Ke4 Kg6 59. Rb3 Kxf6 60. Rf3+ Ke7 61. Rf5 Re1+ 62. Kf4 Rf1+ 63. Kg5 Rxf5+ 64. Kxf5 Kd6 1/2-1/2